| 000 | 00526nam a22001337a 4500 | ||
|---|---|---|---|
| 008 | 140221b xxu||||| |||| 00| 0 eng d | ||
| 050 | _aB5300.5.J6 no.12 | ||
| 100 |
_aJourneer Philosophiques canisius _98862 |
||
| 245 |
_aAres 50 Ans D'independance, Defis, Enjeux Et Perspectives _bActes Des Journees Philosophies De Canisius _cJourneer Philosophiques canisius |
||
| 260 |
_aKinshasa _bPublications Canisius _c2010 |
||
| 300 |
_a238p. ; _c22cm. |
||
| 650 |
_aHistory _xPolitics _y1960 _zCongo (DRC) _98863 |
||
| 942 |
_2lcc _cMONOGRAPH |
||
| 999 |
_c120136 _d120136 |
||